LEADER 01132nam0-22003011i-450- 001 990000117210403321 035 $a000011721 035 $aFED01000011721 035 $a(Aleph)000011721FED01 035 $a000011721 100 $a20011111d--------km-y0itay50------ba 101 0 $aita 105 $ay-------001yy 200 1 $aEsposizione internazionale dell'industria e del lavoro, Torino 1911$eSezione russa$eSocietà per la vendita deiprodotti delle officine metallurgiche russe "Prodameta"$gBreve cenno sull'industria metallurgica in Russia$fcompilato da Ippolito Gliwitz. 210 $aTorino$cs.e.$d1911 215 $a63 p., 21 tav.$cill.$d24 cm 610 0 $aIndustria metallurgica$aRussia$a1911 676 $a338.476 69 702 1$aGliwitz,$bIppolito 710 12$aEsposizione internazionale delle industrie e del lavoro$f<1911 ;$eTorino>$0333247 801 0$aIT$bUNINA$gRICA$2UNIMARC 901 $aBK 912 $a990000117210403321 952 $a13 N 22 20$b3092$fFINBC 959 $aFINBC 996 $aEsposizione internazionale dell'industria e del lavoro, Torino 1911$9114570 997 $aUNINA DB $aING01 LEADER 00864nam0-2200289---450- 001 990008238190403321 005 20051201121758.0 035 $a000823819 035 $aFED01000823819 035 $a(Aleph)000823819FED01 035 $a000823819 100 $a20051201d1997----km-y0itay50------ba 101 0 $aita 102 $aIT 105 $a--------001yy 200 1 $a<>"censi"presso la compagnia di San Paolo nei secoli XVIII e XIX$fPaola Giordano 210 $aTorino$cCompagnia di San Paolo$d1997 215 $a155 p.$d24 cm 225 1 $aQuaderni dell'archivio storico 700 1$aGiordano,$bPaola$0239491 801 0$aIT$bUNINA$gRICA$2UNIMARC 901 $aBK 912 $a990008238190403321 952 $aN3.469$b10676$fDECTS 959 $aDECTS 996 $a"censi"presso la compagnia di San Paolo nei secoli XVIII e XIX$9737529 997 $aUNINA